Régions de France : Population - Statistiques

Statistiques générales
  • Ce quiz a été pris 148 fois
  • Le résultat moyen est 11 sur 18
Statistiques - réponses
Région Population % Correct
Île-de-France 12 419 961
100%
Auvergne-Rhône-Alpes 8 235 923
86%
Nouvelle-Aquitaine 6 154 772
76%
Occitanie 6 154 729
72%
Grand Est 5 568 711
69%
Hauts-de-France 5 983 823
69%
Provence-Alpes-Côte d'Azur 5 198 011
63%
Bretagne 3 453 023
59%
Pays de la Loire 3 926 389
55%
Normandie 3 327 077
52%
Centre-Val-de-Loire 2 573 295
50%
Guadeloupe 378 561
47%
La Réunion 885 700
47%
Bourgogne-Franche-Comté 2 791 719
45%
Martinique 349 925
43%
Corse 355 528
41%
Mayotte 320 901
40%
Guyane 295 385
39%
Aucun quiz correspondant
Distribution des résultats
% des personnes avec chaque résultat
Percentile par nombre de réponses
Votre historique - résultats
Vous n’avez pas pris ce quiz